000 00385nam a2200169Ia 4500
001 663
003 IN-NITTTR
005 20251114232900.0
008 251113s9999||||xx |||||||||||||| ||eng||
040 _beng
040 _cIN-NITTTR
041 _aeng
082 _a005.131 K964N
100 _aKuo, Shan S.
245 0 _aNumerical methods and computers /
_cKuo, Shan S.
942 _2ddc
_cBK
999 _c316
_d316